| 000 | 00534nam a22001937a 4500 | ||
|---|---|---|---|
| 003 | OSt | ||
| 005 | 20140310182848.0 | ||
| 008 | 130617t xxu||||| |||| 00| 0 eng d | ||
| 050 |
_aPZ 1 _b.J23 1960 |
||
| 082 |
_aM 808.831 _bStu9 1960 |
||
| 245 |
_aStudies in the short story / _cJaffe, Adrian H. |
||
| 260 |
_aNew York : _bHolt, Rinehart and Winston, _c1960. |
||
| 300 |
_axiv, 526 p. : _bill. ; _c21 cm. |
||
| 521 | _acollege students | ||
| 526 | _c1210L-1700L | ||
| 541 | _j1 | ||
| 562 | _e1 | ||
| 942 |
_2lcc _cBK _kM |
||
| 999 |
_c16957 _d16957 |
||